000 01428nam a2200265Ia 4500
999 _c40062
_d40062
001 6668
003 GE_BSU
005 20191127163639.0
008 181216s2005||||ge |||||||||||||| ||geo||
020 _a9994043854
040 _cGE_BSU
041 _ageo
080 _a821.353.1-31 გ-19
100 _aგამსახურდია, კონსტანტინე
_91395
245 _aთხზულებანი ათ ტომად : ტ. 1
_bმთვარის მოტაცება : (ტრილოგია) /
_cკონსტანტინე, გამსახურდია ; შემდგ. მანანა არჩვაძე-გამსახურდია ; რედ. : ნანა სუხიტაშვილი, ნათელა ჭყოიძე.
264 _aთბილისი :
_bსაქ.მაცნე,
_c2005.
300 _a672 გვ. :
_bფოტო ;
_c22 სმ.
653 _aთხზულებანი
653 _aმთვარის მოტაცება
653 _aათტომეული
700 _aარჩვაძე-გამსახურდია, მანანა
_eშემდგენელი
_91396
700 _aსუხიტაშვილი, ნანა
_eრედაქტორი
_95594
700 _aჭყოიძე, ნათელა
_eრედაქტორი
_91338
942 _cBK
_2udc